000 00284nam a22001337a 4500
008 170627b xxu||||| |||| 00| 0 eng d
020 _a9781269780988
041 _aeng
080 _a821
100 _a21
101 _aGJL
245 _aSPANISH
_cASBURY UNIVERSITY
942 _2udc
_cBK
999 _c19293
_d19293